| 000 -LEADER |
| fixed length control field |
01165cam a2200313 a 4500 |
| 001 - CONTROL NUMBER |
| control field |
005273941 |
| 003 - CONTROL NUMBER IDENTIFIER |
| control field |
OCoLC |
| 005 - DATE AND TIME OF LATEST TRANSACTION |
| control field |
20230106103814.0 |
| 008 - FIXED-LENGTH DATA ELEMENTS--GENERAL INFORMATION |
| fixed length control field |
111102r20112002enk 000 1 eng d |
| 015 ## - NATIONAL BIBLIOGRAPHY NUMBER |
| National bibliography number |
GBB236786 |
| Source |
bnb |
| 020 ## - INTERNATIONAL STANDARD BOOK NUMBER |
| International Standard Book Number |
9780261103573 |
| 035 ## - SYSTEM CONTROL NUMBER |
| System control number |
(OCoLC)761365427 |
| Canceled/invalid control number |
(OCoLC)858441459 |
| -- |
(OCoLC)863595825 |
| 040 ## - CATALOGING SOURCE |
| Original cataloging agency |
NLE |
| Language of cataloging |
eng |
| Transcribing agency |
NLE |
| Modifying agency |
OCLCO |
| -- |
OCLCA |
| -- |
CNPAR |
| -- |
OCLCO |
| -- |
OCLCF |
| -- |
N15 |
| -- |
OCLCQ |
| -- |
CNNAI |
| -- |
EQO |
| -- |
OCLCO |
| -- |
OCLCQ |
| -- |
OCL |
| -- |
OCLCA |
| -- |
NITA |
| -- |
KH8 |
| 042 ## - AUTHENTICATION CODE |
| Authentication code |
nbic |
| 082 04 - DEWEY DECIMAL CLASSIFICATION NUMBER |
| Classification number |
823.914 TOL |
| 100 10 - MAIN ENTRY--PERSONAL NAME |
| Personal name |
Tolkien, J. R. R. |
| Fuller form of name |
(John Ronald Reuel), |
| Dates associated with a name |
1892-1973. |
| Relator term |
Author |
| 245 14 - TITLE STATEMENT |
| Title |
The fellowship of the ring / |
| Statement of responsibility, etc. |
J.R.R. Tolkien. |
| 260 ## - PUBLICATION, DISTRIBUTION, ETC. |
| Place of publication, distribution, etc. |
London : |
| Name of publisher, distributor, etc. |
HarperCollins, |
| Date of publication, distribution, etc. |
2011. |
| 300 ## - PHYSICAL DESCRIPTION |
| Extent |
xxiii, 407 pages ; |
| Dimensions |
20 cm. |
| 336 ## - CONTENT TYPE |
| Content type term |
text |
| Content type code |
txt |
| Source |
rdacontent. |
| 337 ## - MEDIA TYPE |
| Media type term |
unmediated |
| Media type code |
n |
| Source |
rdamedia. |
| 338 ## - CARRIER TYPE |
| Carrier type term |
volume |
| Carrier type code |
nc |
| Source |
rdacarrier. |
| 490 1# - SERIES STATEMENT |
| Series statement |
Lord of the rings ; |
| Volume/sequential designation |
pt. 1. |
| 500 ## - GENERAL NOTE |
| General note |
"This edition is based on the reset edition first published 2002"--Title page verso. |
| 650 #0 - SUBJECT ADDED ENTRY--TOPICAL TERM |
| Topical term or geographic name entry element |
Adventure stories. |
| 650 #0 - SUBJECT ADDED ENTRY--TOPICAL TERM |
| Topical term or geographic name entry element |
Fantasy fiction. |
| 800 1# - SERIES ADDED ENTRY--PERSONAL NAME |
| Personal name |
Tolkien, J. R. R. |
| Fuller form of name |
(John Ronald Reuel), |
| Dates associated with a name |
1892-1973. |
| Title of a work |
Lord of the rings ; |
| Volume/sequential designation |
pt. 1. |
| 942 ## - ADDED ENTRY ELEMENTS (KOHA) |
| Source of classification or shelving scheme |
|
| Koha item type |
Books - Non Ficton |